[Event "ARG-World"]
[Site "Buenos Aires"]
[Date "1994.??.??"]
[Round "9"]
[White "Casafus, Ruben Andres"]
[Black "Bellon Lopez, Juan Manuel"]
[Result "0-1"]
[WhiteElo "2430"]
[BlackElo "2460"]
[PlyCount "122"]
[EventDate "1994.04.??"]
[EventType "schev"]
[EventRounds "10"]
[EventCountry "ARG"]
[SourceTitle "CBM 042"]
[Source "ChessBase"]
[SourceDate "1994.10.01"]
[SourceVersion "1"]
[SourceVersionDate "1994.10.01"]
[SourceQuality "1"]

1. Nf3 c5 2. c4 Nc6 3. d4 cxd4 4. Nxd4 Nf6 5. Nc3 e6 6. g3 Qb6 7. Nb3 Ne5 8. e4 Bb4 9. Qe2 d6 10. f4 Nc6 11. Be3 Bxc3+ 12. bxc3 Qc7 13. Bg2 0-0 14. c5 dxc5 15. Bxc5 Rd8 16. e5 Na5 17. Bb4 Nxb3 18. axb3 Nd5 19. Bxd5 exd5 20. Qe3 b6 21. Qd4 Bf5 22. 0-0 Qc6 23. Rf2 a5 24. Bd6 Rdc8 25. Rc1 a4 26. bxa4 Rxa4 27. Bb4 h5 28. Rd2 h4 29. Re1 h3 30. Kf2 Rca8 31. Qxd5 Qxd5 32. Rxd5 Bg4 33. Rd2 Ra2 34. c4 R8a4 35. Rc1 Be6 36. Ke3 Rxd2 37. Bxd2 Bxc4 38. Rb1 Ra3+ 39. Kf2 b5 40. Rc1 Rb3 41. g4 Rb2 42. Ke1 Kf8 43. Rc3 Ke7 44. Rxh3 Rb1+ 45. Kf2 b4 46. Bxb4+ Rxb4 47. Rh7 Bd3 48. Rxg7 Bg6 49. e6 Kf8 50. e7+ Kxe7 51. Rg8 Rxf4+ 52. Kg3 Rf1 53. h4 Rd1 54. Kf4 Rd4+ 55. Kg5 f6+ 56. Kh6 Bf7 57. Rg7 f5 58. gxf5 Kf6 59. h5 Rh4 60. Rg6+ Bxg6 61. fxg6 Rh1 0-1

[Event "San Martin"]
[Site "San Martin"]
[Date "1994.??.??"]
[Round "10"]
[White "Casafus, Ruben Andres"]
[Black "Fiorito, Fabian"]
[Result "0-1"]
[WhiteElo "2430"]
[BlackElo "2455"]
[PlyCount "66"]
[EventDate "1994.04.??"]
[EventType "tourn"]
[EventRounds "11"]
[EventCountry "ARG"]
[EventCategory "9"]
[SourceTitle "CBM 042"]
[Source "ChessBase"]
[SourceDate "1994.10.01"]
[SourceVersion "1"]
[SourceVersionDate "1994.10.01"]
[SourceQuality "1"]

1. d4 Nc6 2. Nf3 d5 3. Bf4 Bg4 4. Nbd2 e6 5. e3 Bd6 6. Bg3 Nge7 7. Be2 Nf5 8. c4 Nxg3 9. hxg3 dxc4 10. Nxc4 Bb4+ 11. Kf1 Be7 12. Nfe5 Bxe2+ 13. Qxe2 Nxe5 14. Nxe5 c6 15. Qc2 g6 16. g4 Bf6 17. Nd3 Bg7 18. f4 Qd7 19. b3 Rd8 20. Rc1 h5 21. g5 0-0 22. Rh3 Rc8 23. Qe2 Rfd8 24. Nf2 c5 25. dxc5 Rxc5 26. Rd1 Qxd1+ 27. Nxd1 Rc1 28. Kf2 Rcxd1 29. Qb5 b6 30. Rf3 R1d2+ 31. Kg3 e5 32. Rf2 h4+ 33. Kf3 e4+ 0-1

[Event "Buenos Aires PRENAJ"]
[Site "Buenos Aires"]
[Date "1994.??.??"]
[Round "7"]
[White "Casafus, Ruben Andres"]
[Black "Garcia, Raimundo"]
[Result "1-0"]
[WhiteElo "2430"]
[BlackElo "2395"]
[PlyCount "73"]
[EventDate "1994.??.??"]
[EventType "swiss"]
[EventRounds "11"]
[EventCountry "ARG"]
[SourceTitle "EXT 1997"]
[Source "ChessBase"]
[SourceDate "1996.11.15"]
[SourceVersion "1"]
[SourceVersionDate "1996.11.15"]
[SourceQuality "1"]

1. d4 Nf6 2. Nf3 g6 3. g3 Bg7 4. Bg2 0-0 5. c4 d6 6. 0-0 Nc6 7. Nc3 Bg4 8. d5 Na5 9. Qd3 c5 10. Nd2 a6 11. Rb1 Qd7 12. Re1 Bh3 13. b3 Rab8 14. Bb2 Bxg2 15. Kxg2 b5 16. Ba1 bxc4 17. bxc4 Rb4 18. a3 Rxb1 19. Rxb1 Ng4 20. Qc2 Bd4 21. Nd1 Bxa1 22. Rxa1 Rb8 23. Qc3 Qc7 24. h3 Ne5 25. f4 Nd7 26. Nf2 Nb7 27. Ng4 f6 28. Qe3 Nf8 29. Rb1 Kf7 30. Qc3 Nd7 31. e4 Qa5 32. Qe3 Qc7 33. e5 dxe5 34. fxe5 Nxe5 35. Nxe5+ fxe5 36. Qh6 Kg8 37. Ne4 1-0

[Event "Buenos Aires GP1"]
[Site "Buenos Aires"]
[Date "1994.??.??"]
[Round "7"]
[White "Casafus, Ruben Andres"]
[Black "German, Pablo"]
[Result "0-1"]
[WhiteElo "2430"]
[BlackElo "2270"]
[PlyCount "75"]
[EventDate "1994.??.??"]
[EventType "swiss"]
[EventRounds "9"]
[EventCountry "ARG"]
[SourceTitle "EXT 1998"]
[Source "ChessBase"]
[SourceDate "1997.11.17"]
[SourceVersion "1"]
[SourceVersionDate "1997.11.17"]
[SourceQuality "1"]

1. Nf3 Nf6 2. c4 b6 3. Nc3 Bb7 4. d4 e6 5. Bg5 h6 6. Bh4 Bb4 7. e3 Bxc3+ 8. bxc3 d6 9. Nd2 Nbd7 10. f3 Qe7 11. Bd3 e5 12. e4 0-0-0 13. a4 a5 14. 0-0 g5 15. Bf2 h5 16. Re1 Rdg8 17. Nf1 g4 18. Bh4 gxf3 19. Qxf3 Rg4 20. Ne3 Rf4 21. Qh3 Qe6 22. Qxe6 fxe6 23. Bg5 Nxe4 24. Bxf4 exf4 25. Nd1 Ndf6 26. Nf2 Nxf2 27. Kxf2 Ng4+ 28. Kg1 Ne3 29. Ra2 Rg8 30. Bf1 Be4 31. Rf2 e5 32. dxe5 dxe5 33. Rxe3 fxe3 34. Re2 Bc6 35. Rxe3 Bxa4 36. Rxe5 Bb3 37. c5 a4 38. cxb6 0-1